Fitting statistical distributions (رقم التسجيلة. 930)

تفاصيل مارك
000 -الفاتح
حقل البيانات ثابتة الطول 00833cam a22002774a 4500
001 - رقم الضبط
رقم الضبط 43836428
003 - محدد رقم الضبط
رقم الضبط OCoLC
005 - وقت وتاريخ اخر تعامل مع التسجيلة
رقم الضبط 20150408113724.0
007 - الحقل الثابت للوصف المادى- معلومات عامة
حقل البيانات ثابتة الطول cr mnu
008 - عناصر البيانات ثابتة الطول - معلومات عامة
حقل البيانات ثابتة الطول 000327s2000 flua b 001 0 eng
010 ## - رقم ضبط مكتبة الكونجرس
رقم ضبط مكتبة الكونجرس 00036098
020 ## - الرقم الدولى المعيارى للكتب
الرقم الدولى المعيارى للكتاب 1584880694 (acidfree paper)
040 ## - مصدر الفهرسة
وكالة الفهرسة الأصلية DLC
وكالة النسخ DLC
042 ## - رمز التحقق
رمز التحقق pcc
050 00 - رقم طلب مكتبة الكونجرس
رقم التصنيف QA273.6
رقم المادة .K37 2000
082 00 - رقم تصنيف ديوى العشرى
رقم التصنيف 519.2/4
رقم الطبعة 21
100 1# - المدخل الرئيسى - إسم شخصى
الإسم الشخصى Karian, Zaven A.
9 (RLIN) 4516
245 10 - بيان العنوان
العنوان Fitting statistical distributions
بقية العنوان the Generalized Lambda Distribution and Generalized Bootstrap methods /
بيان المسئوليه,etc Zaven A. Karian and Edward J. Dudewicz.
260 ## - PUBLICATION, DISTRIBUTION, ETC. (IMPRINT)
مكان الناشر او الموزع Boca Raton
اسم الناشر او الموزع CRC Press,
تاريخ النشر أو التوزيع c2000.
300 ## - الوصف المادى
تفاصيل ماديه اخرى للوعاء ill. ;
أبعاد الوعاء 24 cm.
التعداد In
504 ## - تبصرة ببليوجرافية
تبصرة ببليوجرافية,الخ On
530 ## - تبصرة أشكال مادية أخرى متاحة
اشكال ماديه اخرى متاحة للعنصر Di
650 ## - المدخل الاضافى بالموضوع-مصطلح موضوعى
مصطلح موضوعي أو اسم جغرافي كعنصر مدخل Distribution (Probability theory)
9 (RLIN) 4482
700 ## - المدخل الاضافى - اسم شخصى
الإسم الشخصى Dudewicz, Edward J
9 (RLIN) 4517
942 ## - عناصر المدخل الإضافي( كوها)
مصدر التصنيف او مخطط الترفيف Dewey Decimal Classification
Koha [default] item type DVD
المقتنيات
حالة الفقد نموذج السعر الفعال حالة تلف ليس للاعارة رقم الطلب تاريخ الاكتساب الموقع الحالي الباركود الفرع الرئيسي Date last seen نوع المادة فى نظام كوها مصدر التصنيف او خطة الترفيف Total Checkouts
  2013-03-10     519.24 K Z F 2011-09-14 المكتبة المركزية بالمجمعة (CL) 00049717 المكتبة المركزية بالمجمعة (CL) 2013-03-10 كتاب Dewey Decimal Classification  
  2013-03-10     519.24 K Z F 2011-09-19 المكتبة المركزية بالمجمعة (CL) 00049716 المكتبة المركزية بالمجمعة (CL) 2013-03-10 كتاب Dewey Decimal Classification  
  2013-03-10     519.24 K Z F 2011-09-19 المكتبة المركزية بالمجمعة (CL) 00049713 المكتبة المركزية بالمجمعة (CL) 2013-03-10 كتاب Dewey Decimal Classification